000 00828nas a2200253 4500
001 BR8000615
003 BR-BrBNA
005 20231205084114.0
007 ta
008 230509b bl.|||p| |||| 00| 00por d
040 _aBR-BrBNA
_bpor
_cBiblioteca Nacional de Agricultura
041 _a(Pt)
072 _aF22; U10
100 1 _aPerecin, D.
245 1 _aAnalise estatistica de argila iluviada em solos, baseada na distribuicao binomial negativa
246 1 _aStatistical analysis of soil illuviated clay, based on the negative binomial distribution
650 _aQuimica do solo
650 _aFisica do solo
650 _aEstatistica
650 _aArgila
773 0 _tCientifica (Brazil)
_xISSN 0100-0039
_g(1979), v. 7(3) p. 371-376
_wBR8000615
909 _a202311
_bLúcia
_c55
_dLúcia Elande
942 _2AGRIS
_n0
_cANA
999 _c103169
_d103169